Spotrebiteľské rozhodovanie vo vybranej produktovej kategórie bakalárska práca

Guardado en:
Detalles Bibliográficos
Autor principal: Haring, Lukáš
Autor Corporativo: Obchodná fakulta EU. Katedra tovaroznalectva a kvality tovaru
Otros Autores: Donovalová, Alena, 1986-
Formato: Libro
Lenguaje:eslovaco
Publicado: Bratislava 2017
Etiquetas: Agregar Etiqueta
Sin Etiquetas, Sea el primero en etiquetar este registro!

MARC

LEADER 00000nbm a2200000 4500
001 0232761
005 20171003144056.9
041 0 |a slo 
044 |a SK 
245 1 0 |a Spotrebiteľské rozhodovanie vo vybranej produktovej kategórie  |b bakalárska práca  |c Lukáš Haring ; školiteľ: Alena Donovalová 
264 1 |a Bratislava  |c 2017 
300 |a 53 s. 
100 1 |a Haring, Lukáš 
700 1 |a Donovalová, Alena, 1986- 
710 2 |a Obchodná fakulta EU. Katedra tovaroznalectva a kvality tovaru